El aborto en América Latina : (Record no. 208908)
[ view plain ]
| 000 -CABECERA | |
|---|---|
| campo de control de longitud fija | 00845nam a22002297a 4500 |
| 003 - IDENTIFICADOR DEL NÚMERO DE CONTROL | |
| campo de control | UPN |
| 005 - FECHA Y HORA DE LA ÚLTIMA TRANSACCIÓN | |
| campo de control | 20220929161914.0 |
| 008 - ELEMENTOS DE LONGITUD FIJA--INFORMACIÓN GENERAL | |
| campo de control de longitud fija | 220929s2018 ag| |||fr|||| 00| 0 spa d |
| 020 ## - NÚMERO INTERNACIONAL NORMALIZADO PARA LIBROS | |
| Número Internacional Estándar del Libro | 9789876298476 |
| 040 ## - FUENTE DE LA CATALOGACIÓN | |
| Centro catalogador/agencia de origen | MX-MxUPN |
| Lengua de catalogación | spa |
| Centro/agencia transcriptor | MX-MxUPN |
| 050 #4 - SIGNATURA TOPOGRÁFICA DE LA BIBLIOTECA DEL CONGRESO | |
| Número de clasificación | KG966 A26 |
| Número de documento/Ítem | A726 2018 |
| 245 03 - MENCIÓN DE TÍTULO | |
| Título | El aborto en América Latina : |
| Resto del título | estrategias jurídicas para luchar por su legalización y enfrentar las resistencias conservadoras |
| 260 ## - PUBLICACIÓN, DISTRIBUCIÓN, ETC. | |
| Lugar de publicación, distribución, etc. | Buenos Aires : |
| Nombre del editor, distribuidor, etc. | Siglo XXI : |
| -- | Red Alas, |
| Fecha de publicación, distribución, etc. | c2018 |
| 300 ## - DESCRIPCIÓN FÍSICA | |
| Extensión | 463 páginas |
| 650 #0 - ASIENTO SECUNDARIO DE MATERIA - TERMINO TEMATICO | |
| 9 (RLIN) | 46905 |
| Término de materia o nombre geográfico como elemento de entrada | Aborto |
| Subdivisión general | Leyes y legislación |
| Subdivisión geográfica | América Latina |
| 700 1# - ASIENTO SECUNDARIO--NOMBRE DE PERSONAL | |
| 9 (RLIN) | 46900 |
| Nombre de persona | Bergallo, Paola |
| Término indicativo de función/relación | compiladora |
| 700 1# - ASIENTO SECUNDARIO--NOMBRE DE PERSONAL | |
| 9 (RLIN) | 37460 |
| Nombre de persona | Jaramillo Sierra, Isabel Cristina |
| Término indicativo de función/relación | compiladora |
| 700 1# - ASIENTO SECUNDARIO--NOMBRE DE PERSONAL | |
| 9 (RLIN) | 38584 |
| Nombre de persona | Vaggione, Juan Marco |
| Término indicativo de función/relación | compiladora |
| 902 ## - ELEMENTOS DE DATOS B LOCAL, LDB (RLIN) | |
| Creó | VíctorGodínez/290922 |
| 942 ## - ELEMENTOS DE PUNTO DE ACCESO ADICIONAL (KOHA) | |
| Fuente del sistema de clasificación o colocación | Library of Congress Classification |
| Tipo de ítem Koha | Libro |
| Estado de retiro | Estado de pérdida | Fuente del sistema de clasificación o colocación | Estado dañado | No para préstamo | Código de colección | Localización permanente | Ubicación/localización actual | Ubicación en estantería | Fecha de adquisición | Total de préstamos | Clasificación | Código de barras | Fecha visto por última vez | Fecha del último préstamo | Precio válido a partir de | Tipo de ítem Koha | Número de copia |
|---|---|---|---|---|---|---|---|---|---|---|---|---|---|---|---|---|---|
| Library of Congress Classification | Colección General | Bib. Gregorio Torres Quintero | Bib. Gregorio Torres Quintero | Planta baja | 29/09/2022 | 1 | KG966 A26 A726 2018 | 335953 | 04/06/2024 | 31/05/2024 | 29/09/2022 | Libro | |||||
| Library of Congress Classification | Colección General | Bib. Gregorio Torres Quintero | Bib. Gregorio Torres Quintero | Planta baja | 29/09/2022 | KG966 A26 A726 2018 | 335954 | 29/09/2022 | 29/09/2022 | Libro | Ej.2 | ||||||
| Library of Congress Classification | Colección General | Bib. Gregorio Torres Quintero | Bib. Gregorio Torres Quintero | Planta baja | 29/09/2022 | KG966 A26 A726 2018 | 335955 | 29/09/2022 | 29/09/2022 | Libro | Ej.3 |
